Statistics for Video Games By Clue 2

Click here to take the quiz!

General Stats

  • This quiz has been taken 29 times
  • The average score is 6 of 20

Answer Stats

HintAnswer% Correct
Dirt BlockMinecraft
88%
ClickersThe Last of Us
58%
Vampire lady the internet fell in love withResident Evil Village
54%
Pacifist or GenocideUndertale
54%
Crashed on an ocean planet with scary alien lifeSubnautica
46%
Crashed on an island with cannibalsThe Forest
46%
Want to go bowling?Grand Theft Auto 4
42%
Play as a detective in the 1940'sLA Noire
42%
Eivor explores Norway, England, and VinlandAssassins Creed Valhalla
33%
A raccoon makes a giant hole and things fall in itDonut County
33%
Play as a loaf of bread to get yourself cookedI am Bread
25%
Play as a Knight that looks like a beetleHollow Knight
21%
Undercover cop in Hong KongSleeping Dogs
21%
Climb a mountain while facing anxietyCeleste
17%
Weird Japanese game roll up stuff with a ballKatamari
13%
Captain QwarkRatchet and Clank
13%
Do you get to the cloud district very often?Skyrim the elder scrolls 5
13%
MegasharkTerraria
13%
George Washington with a crankgunBioshock Infinite
8%
American Football but brutal and with monstersBlood Bowl
4%

Score Distribution

Percentile by Number Answered

Percent of People with Each Score

Your Score History

You have not taken this quiz